Финансы и кредит: учебник для вузов

Bibliografiske detaljer
Hovedforfatter: Нешитой А. С. Анатолий Семенович
Summary:В учебнике, состоящем из четырех разделов, последовательно изложены сущность финансов и управление ими, финансовая система России, государственные и муниципальные финансы, основы функционирования хозяйствующих (экономических) субъектов, международная финансовая система и другие вопросы, предусмотренные Государственным образовательным стандартом высшего профессионального образования. Для студентов вузов, обучающихся по специальностям "Экономика и управление на предприятии", "Менеджмент организации", "Маркетинг", "Коммерция (торговое дело)". Может быть полезным для слушателей системы переподготовки кадров и специалистов.
Исключено из фонда НТБ ТПУ
Sprog:russisk
Udgivet: Москва, Дашков и К, 2009
Udgivelse:5-е изд., перераб. и доп.
Format: MixedMaterials Bog
KOHA link:https://koha.lib.tpu.ru/cgi-bin/koha/opac-detail.pl?biblionumber=158505

MARC

LEADER 00000nam0a2200000 4500
001 158505
005 20231031154441.0
010 |a 9785394004247 
035 |a (RuTPU)RU\TPU\book\171898 
035 |a RU\TPU\book\121363 
090 |a 158505 
100 |a 20070326d2009 m y0rusy50 ca 
101 0 |a rus 
102 |a RU 
105 |a y j 000zy 
200 1 |a Финансы и кредит  |e учебник для вузов  |f А. С. Нешитой 
205 |a 5-е изд., перераб. и доп. 
210 |a Москва  |c Дашков и К  |d 2009 
215 |a 544 с. 
330 |a В учебнике, состоящем из четырех разделов, последовательно изложены сущность финансов и управление ими, финансовая система России, государственные и муниципальные финансы, основы функционирования хозяйствующих (экономических) субъектов, международная финансовая система и другие вопросы, предусмотренные Государственным образовательным стандартом высшего профессионального образования. Для студентов вузов, обучающихся по специальностям "Экономика и управление на предприятии", "Менеджмент организации", "Маркетинг", "Коммерция (торговое дело)". Может быть полезным для слушателей системы переподготовки кадров и специалистов. 
333 |a Исключено из фонда НТБ ТПУ 
686 |a У9(2)26я73  |v LBC/SL-A  |2 rubbk 
700 1 |a Нешитой  |b А. С.  |g Анатолий Семенович 
801 1 |a RU  |b 63413507  |c 20090423  |g PSBO 
801 2 |a RU  |b 63413507  |c 20210204  |g PSBO 
942 |c BK 
959 |a 54/20090422  |d 1  |e 209,00  |f ЧЗГЛ:1